| 000 | 01094nam0a22002771 4500 | ||
|---|---|---|---|
| 001 | rc\2773502 | ||
| 005 | 20250806204515.0 | ||
| 035 | _a(NLR Aleph) 006899827 | ||
| 090 |
_a29421 _c29421 |
||
| 100 | _a20110915d1941 u y0rusy50 ca | ||
| 101 | 0 | _arus | |
| 102 | _aRU | ||
| 105 | _aac z ||||| | ||
| 200 | 1 |
_aИнфекционные болезни с основами частной эпидемиологии _fПроф. Н. К. Розенберг _gПри участии проф. С. В. Висковского |
|
| 205 | _a5-е изд. (посмертное) | ||
| 210 |
_aЛенинград _cМедгиз. Ленингр. отд. _d1941 |
||
| 215 |
_a748 с., 1 л. портр. _cил., граф.,табл. _d24 см. |
||
| 700 | 1 |
_aРозенберг _bН.К. _f1876-1933 _gНиколай Константинович |
|
| 702 | 1 |
_aВисковский _bС.В. _4570 |
|
| 801 | 0 |
_aRU _bNLR _gpsbo |
|
| 801 | 1 |
_aRU _bELAR _2rusmarc |
|
| 852 |
_aNLR _jМд30 Г-7/11 |
||
| 942 | _cBOOK | ||
| 945 | _aРоссийская национальная библиотека | ||
| 980 | _aNB | ||
| 980 | _aBV | ||